| 000 | 01310cam a22003497a 4500 | ||
|---|---|---|---|
| 003 | CHAP | ||
| 005 | 20220329141223.0 | ||
| 008 | 971010s1975 r 00010 d | ||
| 010 | _a64620 | ||
| 011 | _a65592 | ||
| 035 | _a72647 | ||
| 040 | _cCHAP | ||
| 082 |
_a334.683 _bH4 |
||
| 100 | 0 | 0 |
_aHernández, Alfonso Porfirio. _954767 |
| 245 | 1 | 3 | _aLa explotación colectiva en la Comarca Lagunera es un fracaso |
| 260 |
_aMéxico, D.F. : _bCosta Amic, _c1975 |
||
| 300 |
_a359 p. _b: ilus. |
||
| 590 |
_aBATCH-UPD _b10 _c20130110 _lUCH01 _h2154 |
||
| 590 |
_aBATCH-UPD _b10 _c20130410 _lUCH01 _h1503 |
||
| 590 |
_aBATCH-UPD _b10 _c20130914 _lUCH01 _h1102 |
||
| 590 |
_aCONVERSION _b10 _c20130109 _lUCH01 _h1335 |
||
| 650 | 1 | 4 |
_aAgricultura cooperativa _xComarca Lagunera. _91961 |
| 650 | 1 | 4 |
_aCrédito agrícola _xComarca lagunera. _929046 |
| 650 | 1 | 4 |
_aReforma agraria _xComarca Lagunera. _995536 |
| 650 | 1 | 4 |
_aTierras _xTenencia _xComarca Lagunera. _9113154 |
| 901 | _aBK | ||
| 942 | _cLIBRO | ||
| 949 |
_a334.683 H4 _bBC _cLIBRO _d33724000336129 _eLIBRO _fc.4 _h74282 _i72647 _si |
||
| 949 |
_a334.683 H4 _bBC _cLIBRO _d33724000336152 _eLIBRO _h50593 _i72647 _si |
||
| 949 |
_a334.683 H4 _bBC _cLIBRO _d33724000336160 _eLIBRO _fc.3 _h74281 _i72647 _si |
||
| 949 |
_a334.683 H4 _bBC _cLIBRO _d33724000336178 _eLIBRO _fc.2 _h50594 _i72647 _si |
||
| 999 |
_c64620 _d64620 |
||